Entry Topical Term
001 - CONTROL NUMBER
- control field: 9534
003 - CONTROL NUMBER IDENTIFIER
- control field: LDD
005 - DATE AND TIME OF LATEST TRANSACTION
- control field: 20191126153534.0
008 - FIXED-LENGTH DATA ELEMENTS
- fixed length control field: 191126|| aca||aabn | a|a d
040 ## - CATALOGING SOURCE
- Original cataloging agency: LDD
- Transcribing agency: LDD
150 ## - HEADING--TOPICAL TERM
- Topical term or geographic name entry element: राधामोहन गोकुल
670 ## - SOURCE DATA FOUND
- Source citation: Work cat.: (LDD)155825: एक था राधा मोहन गोकुल/ , 2015
